El consultor ferroviario : (Registro nro. 82557)

Detalles MARC
000 -LEADER
campo de control de longitud fija 00577nam a2200181 i 4500
001 - NÚMERO DE CONTROL
campo de control 82557
003 - IDENTIFICADOR DE NÚMERO DE CONTROL
campo de control ES-MaACL
005 - FECHA Y HORA DE LA ÚLTIMA TRANSACCIÓN
campo de control 20230906174708.0
007 - CAMPO FIJO DE DESCRIPCIÓN FÍSICA--INFORMACIÓN GENERAL
campo de control de longitud fija t|
008 - DATOS DE LONGITUD FIJA--INFORMACIÓN GENERAL
campo de control de longitud fija 041111s1932 sp ||||1| spa d
080 ## - NÚMERO DE LA CLASIFICACIÓN DECIMAL UNIVERSAL
Número de la Clasificación Decimal Universal 656.2(460)
100 1# - ENTRADA PRINCIPAL--NOMBRE DE PERSONA
Nombre de persona Imedio Díaz, Alfonso.
9 (RLIN) 65217
245 13 - MENCIÓN DEL TÍTULO
Título El consultor ferroviario :
Resto del título respuesta a cuatrocientas consultas sobre materia ferroviaria /
Mención de responsabilidad, etc. por Alfonso Imedio Díaz.
260 ## - PUBLICACIÓN, DISTRIBUCIÓN, ETC.
Lugar de publicación, distribución, etc. Madrid :
Nombre del editor, distribuidor, etc. [s.n.],
Fecha de publicación, distribución, etc. 1932 (
Fabricante Sáez Hermanos)
300 ## - DESCRIPCIÓN FÍSICA
Extensión 496 p. ;
Dimensiones 22 cm.
650 #4 - PUNTO DE ACCESO ADICIONAL DE MATERIA--TÉRMINO DE MATERIA
Término de materia o nombre geográfico como elemento de entrada Ferrocarriles-
Subdivisión geográfica España.
9 (RLIN) 12761
852 4# - LOCALIZACIÓN
Ubicación ES-MaACL
Número de control de estantería A-1052
Existencias
Estatus retirado Estado de pérdida Estado de daño No para préstamo Biblioteca de origen Biblioteca actual Ubicación en estantería Fecha de adquisición Fuente de adquisición Total de préstamos Signatura topográfica completa Código de barras Visto por última vez Precio de reemplazo Tipo de ítem Koha
        Biblioteca del Ateneo de Madrid Biblioteca del Ateneo de Madrid Sala Pecera Planta 1 17/01/2008     A-1052 1086281 23/02/2023 23/02/2023 Libro impreso